01157nam a22001337a 4500003000900000005001700009008004100026040001300067245006700080250001000147260003700157300001900194520081000213IT-RoPau20220918175943.0130306b xxu||||| |||| 00| 0 eng d cIT-RoPau aRatio formationis della Società San Paolo.bAd experimentum. a1°ed aRomabCasa Generalizia SSPc1990 a276 pp.c17 cm aIndice generale Ratio formationis della Società San Paolo Presentazione (del Superiore generale) Sigle Premessa Capitolo I Il nostro carisma Capitolo II Processo di formazione paolina Capitolo III Le tappe della formazione Capitolo IV Direttive sulla formazione negli Isituti religiosi Sigle Introduzione Capitolo I Consacrazione religiosa e formazione Capitolo II Aspetti comuni a tutte le tappe della Formazione alla vita religiosa Capitolo III Le tappe della formazione dei religiosi Capitolo IV La formazione negli Istituti religiosi specialmente femminili, interamente dediti alla contemplazione, (PC 7) Capitolo V Questioni attuali concernenti la formazione dei religiosi Capitolo VI I religiosi candidati ai ministeri diaconale e presbiterale Conclusione Indice analitico Indice generale